Statistics for Wonderland (TV) - Taylor Swift (All Lyrics)

Click here to take the quiz!

General Stats

  • This quiz has been taken 33 times
    (18 since last reset)
  • The average score is 336 of 391

Answer Stats

Lyrics% Correct
a
100%
And
100%
and
100%
found
100%
go
100%
(Got
100%
got
100%
I
100%
In
100%
in
100%
(In
100%
it
100%
it)
100%
last
100%
lost
100%
We
100%
we
100%
Wonderland
100%
Wonderland)
100%
Wonderland,
100%
you
100%
you,
100%
You
100%
for
94%
forever
94%
forever,
94%
forever)
94%
oh
94%
Oh
94%
the
94%
but
88%
But
88%
(Could
88%
could
88%
Didn't
88%
didn't
88%
"Don't
88%
flash
88%
into
88%
me?
88%
me
88%
pretended
88%
rush
88%
tell
88%
they
88%
things"?
88%
turn
88%
us,
88%
your
88%
All
81%
all
81%
at
81%
better)
81%
better,
81%
better
81%
down
81%
excitin'?
81%
eye
81%
eyes
81%
fell
81%
felt
81%
green
81%
hole
81%
mind
81%
never
81%
(Never
81%
new
81%
To
81%
to
81%
Too
81%
took
81%
was
81%
worse,
81%
wrong
81%
arms
75%
around
75%
'Cause
75%
curious
75%
Flashin'
75%
life
75%
lights
75%
minds?
75%
of
75%
rabbit
75%
seem
75%
turned
75%
cat
69%
Cheshire
69%
fears
69%
feel
69%
had
69%
have
69%
held
69%
on
69%
smile?
69%
talkin'
69%
there
69%
tight
69%
were
69%
what
69%
with
69%
alone
63%
as
63%
back
63%
becomes
63%
control
63%
darlin'
63%
eh,
63%
eh
63%
end,
63%
fun
63%
games
63%
gone
63%
home
63%
It's
63%
knew
63%
like
63%
loses
63%
love
63%
make
63%
night
63%
one
63%
open
63%
or
63%
our
63%
out
63%
reached
63%
screams,
63%
searched
63%
seemed
63%
seems
63%
should
63%
slept
63%
so
63%
So,
63%
somebody
63%
spinning
63%
straight
63%
strangers
63%
talking
63%
their
63%
think
63%
'til
63%
twistin'
63%
watchin'
63%
way
63%
went
63%
whispers
63%
world
63%
both
56%
else
56%
Haven't
56%
heard
56%
mad
56%
my
56%
nothing's
56%
somethin'
56%
calm
50%
Ooh,
50%
woah
38%

Score Distribution

Percentile by Number Answered

Percent of People with Each Score

Your Score History

You have not taken this quiz since the last reset